| 000 | 00553nam a22001937a 4500 | ||
|---|---|---|---|
| 003 | OSt | ||
| 005 | 20140310184458.0 | ||
| 008 | 131011t xxu||||| |||| 00| 0 eng d | ||
| 050 |
_aF 334 _b.Ad237 2000 |
||
| 100 |
_aAdler, David A. _923317 |
||
| 245 |
_aA Picture Book of Rosa Parks / _bDavid A. Adler; illustrated by Robert Casilla |
||
| 260 |
_aNew York, NY : _bScholastic Inc., _c2000. |
||
| 300 |
_a28 p. : _bill. col.; _c21 cm. |
||
| 521 | _aG7 | ||
| 526 | _c880 | ||
| 650 |
_aPhotographs _928457 |
||
| 942 |
_2lcc _cBK-SCHOLAS |
||
| 999 |
_c34686 _d34686 |
||